Adab dan rahsia solat

Bibliographic Details
Main Author: T.M.Hasbi Ash Shiddieqy
Format: Book
Published: Batu Caves : Thinker's Library Sdn.Bhd , 1995
Subjects:

MARC

LEADER 00000cam a2200000 7i4500
001 0000009283
002 000010113
005 20061115.0
020 |a 9676900877 
090 0 0 |a 297.52   |b TMH 
100 0 |a T.M.Hasbi Ash Shiddieqy   |f Prof.Dr 
245 1 0 |a Adab dan rahsia solat   |c Prof. Dr.T.M Hasbi Ash Shiddieqy 
260 |a Batu Caves :   |b Thinker's Library Sdn.Bhd ,   |c 1995 
300 |a 199p. ;   |c 22cm. 
650 0 0 |a Prayer   |x Islam 
999 |a 00062624   |b BUKU   |c PINJAMAN   |e PERPUSTAKAAN KOMUNITI PETALING JAYA 
999 |a 00062625   |b BUKU   |c PINJAMAN   |e PERPUSTAKAAN KOMUNITI PETALING JAYA 
999 |a 043801   |b BUKU   |c PINJAMAN   |e PERPUSTAKAAN KOMUNITI PETALING JAYA 
999 |a 043870   |b BUKU   |c PINJAMAN   |e PERPUSTAKAAN KOMUNITI PETALING JAYA 
999 |a 043871   |b BUKU   |c PINJAMAN   |e PERPUSTAKAAN KOMUNITI PETALING JAYA 
999 |a 046450   |b BUKU   |c PINJAMAN   |e PERPUSTAKAAN KOMUNITI CAW KOTA DAMANSARA 
999 |a 046558   |b BUKU   |c PINJAMAN   |e PERPUSTAKAAN KOMUNITI CAW KOTA DAMANSARA